| 000 | 00533nam a2200193Ia 4500 | ||
|---|---|---|---|
| 003 | GCL | ||
| 008 | 140319s9999 xx 000 0 ara d | ||
| 040 |
_aGCL / _cGCL |
||
| 082 | 0 | 4 |
_a370.1934 _bع ط |
| 100 | 1 | _aعزيز سمارة | |
| 245 | 1 | 0 |
_aالطفل والاسرة والمجتمع / _cعزيز سمارة |
| 700 | 1 | _aعصام نمر | |
| 300 | _a168 ص | ||
| 490 |
_aكتاب _v0 |
||
| 650 | 0 | 4 | _aالاسرة |
| 650 | 0 | 4 | _aوسائل الاعلام |
| 650 | 0 | 4 | _aالتنشئة الاجتماعية |
| 942 |
_2ddc _cBK |
||
| 999 |
_c41899 _d41899 |
||